[Event "54th ch-RUS"]
[Site "Elista RUS"]
[Date "2001.05.06"]
[Round "6"]
[White "Lugovoi,A"]
[Black "Volkov,S"]
[Result "1/2-1/2"]
[WhiteElo "2512"]
[BlackElo "2558"]

1.d4 d5 2.c4 c6 3.Nf3 Nf6 4.Nc3 a6 5.cxd5 cxd5 6.Ne5 e6 7.g3 Nbd7 8.Bg2 Nxe5
9.dxe5 Nd7 10.e4 dxe4 11.Qa4 Qc7 12.O-O Be7 13.Nxe4 Qxe5 14.Bf4 Qb5 15.Qxb5 axb5
16.Nd6+ Bxd6 17.Bxd6 Nb6 18.Bc5 Nd5 19.Rfe1 Kd8 20.Red1  1/2-1/2

[Event "54th ch-RUS"]
[Site "Elista RUS"]
[Date "2001.05.07"]
[Round "7"]
[White "Ionov,S"]
[Black "Rustemov,A"]
[Result "1-0"]
[WhiteElo "2505"]
[BlackElo "2625"]

1.d4 d5 2.c4 c6 3.Nf3 Nf6 4.Nc3 a6 5.cxd5 cxd5 6.Bg5 Ne4 7.Bh4 Qa5 8.e3 Nc6
9.Qb3 e6 10.Bd3 Nxc3 11.bxc3 Bd6 12.Bg3 Qc7 13.e4 O-O 14.O-O Rd8 15.Rfe1 dxe4
16.Bxe4 Bxg3 17.hxg3 Bd7 18.c4 Rac8 19.Rac1 Be8 20.d5 Na5 21.Qb1 exd5 22.Bxh7+ Kh8
23.cxd5 Qd6 24.Rxc8 Rxc8 25.Bf5 Rd8 26.Qe4 g6 27.Qh4+ Kg7 28.Bxg6 Qf6 29.Qh7+ Kf8
30.Qh6+ Qg7 31.Qh4 Ra8 32.Qe7+ Kg8 33.Qxe8+  1-0

[Event "TCh-RUS"]
[Site "Tomsk RUS"]
[Date "2001.05.13"]
[Round "1"]
[White "Vladimirov,E"]
[Black "Burmakin,V"]
[Result "1/2-1/2"]
[WhiteElo "2612"]
[BlackElo "2522"]

1.d4 d5 2.c4 c6 3.Nf3 Nf6 4.Nc3 a6 5.cxd5 cxd5 6.Bf4 Nc6 7.Rc1 e6 8.e3 Bd6
9.Bd3 Bxf4 10.exf4 Qd6 11.g3 Bd7 12.O-O Qb4 13.Re1 Qxb2 14.Na4 Qa3 15.Nc5 O-O
16.Ne5 Be8 17.Re3 Qa5 18.Nxb7 Qb6 19.Rb1 Qa7 20.Nxc6 Bxc6 21.Nc5 a5 22.f5 exf5
23.Bxf5 Rfe8 24.Reb3 Rab8 25.Rxb8 Rxb8 26.Rxb8+ Qxb8 27.Qe1 Qd8 28.a3 g6
29.Bc2 Ne4 30.Nd3 Qb6 31.Qe3 Nd6 32.Qf4 Nc4 33.Qf6 Ba4 34.Qxb6 Nxb6 35.Bxa4 Nxa4
36.Kf1 Nc3 37.Ke1 Kf8 38.Kd2 Nb1+ 39.Kc2 Nxa3+ 40.Kb3 Nb5 41.Ka4 Nxd4 42.Nf4 Nf3
43.h4 Ke7 44.Nxd5+ Kd6 45.Nf6 h5 46.Kxa5 Ke6 47.Ne4 Ke5 48.Nc3 Nh2 49.Kb4 Ng4
50.f3 Nh2 51.Kc4 Nxf3 52.Kd3 Kf5 53.Ke3 Kg4 54.Kf2 Nd2 55.Kg2 Kf5 56.Nb5 Ke5
57.Kf2 Ne4+ 58.Kf3 Nc5 59.Na3 Ne6 60.Nc4+ Kd5 61.Ne3+ Kd4 62.Nc2+ Ke5 63.Nb4 Nd8
64.Ke3 f6 65.Kf3 Kd4 66.Nc2+ Kd5 67.Ne3+ Ke5 68.Nc4+ Kd4 69.Nd2 Ne6 70.Ne4 Ke5
71.Nd2 Nd4+ 72.Ke3 Nf5+ 73.Kf3 Nd6 74.Nb3 Nc4 75.Nc5 Kf5 76.Nb3 Ne5+ 77.Kg2 Ke4
78.Nc5+ Kd5 79.Na4 Kd4 80.Kf2 Nc4 81.Kf3 g5 82.hxg5 fxg5 83.Kg2 g4 84.Kf2 Ne5
85.Nb6 Kc5 86.Na4+ Kd4 87.Nb6 Nd3+ 88.Kg2 Nc5 89.Kf2 Ne4+ 90.Kg2 Nf6 91.Kf2 Kc5
92.Na4+ Kb4 93.Nb6  1/2-1/2

[Event "TCh-RUS"]
[Site "Tomsk RUS"]
[Date "2001.05.14"]
[Round "2"]
[White "Lavrov,S"]
[Black "Rustemov,A"]
[Result "1/2-1/2"]
[WhiteElo "2438"]
[BlackElo "2625"]

1.d4 d5 2.c4 c6 3.Nf3 Nf6 4.Nc3 a6 5.a4 e6 6.Bg5 Be7 7.e3 Nbd7 8.Bd3 O-O
9.O-O h6 10.Bh4 b6 11.Qe2 Bb7 12.Rfd1 a5 13.Rac1 Nh5 14.Bxe7 Qxe7 15.Ne5 Nhf6
16.e4 dxe4 17.Nxd7 Nxd7 18.Bxe4 Rfd8 19.Bf3 Rac8 20.b3 Qb4 21.Ne4 Rb8 22.c5 Ba8
23.Qe3 Nf8 24.h3 Ng6 25.Rc4 Qa3 26.cxb6 Rxb6 27.Nc5 Rb4 28.Rdc1 Ne7 29.Qc3 Rxc4
30.Qxc4 Rxd4 31.Qxd4 Qxc1+ 32.Kh2 Nd5 33.g3 e5 34.Nd3 exd4 35.Nxc1 Nc7 36.Nd3 f6
37.Nb2 Kf7 38.Nc4 c5 39.Bxa8 Nxa8 40.Kg2 Ke6 41.Kf3 Kd5 42.Ke2 h5 43.Kd3 Nc7
44.Nxa5 Na6 45.Nc4 Nb4+ 46.Ke2 g5 47.Nb2 Nc6 48.Nc4 Nb4 49.h4 gxh4 50.gxh4 Ke4
51.Nb6 Na6 52.Nd7 Kf5 53.Kd3 Kg4 54.Nxf6+ Kxh4 55.f4 Kg3 56.Nxh5+ Kg4 57.Nf6+ Kxf4
58.Nd7 Kf5 59.a5 Ke6 60.Nb6 Kd6  1/2-1/2

[Event "TCh-RUS"]
[Site "Tomsk RUS"]
[Date "2001.05.15"]
[Round "3"]
[White "Iskusnyh,S"]
[Black "Burmakin,V"]
[Result "0-1"]
[WhiteElo "2533"]
[BlackElo "2522"]

1.d4 d5 2.c4 c6 3.Nf3 Nf6 4.Nc3 a6 5.cxd5 cxd5 6.Bg5 Ne4 7.Bh4 Nc6 8.e3 Qa5
9.Qb3 Qb4 10.Be2 Bf5 11.Qxb4 Nxb4 12.O-O e6 13.Nxe4 Bxe4 14.a3 Nc6 15.Nd2 Bg6
16.Rfc1 Kd7 17.b4 Be7 18.Bg3 Rhc8 19.Nb3 b6 20.h4 a5 21.h5 Bf5 22.Bb5 axb4
23.a4 Bd6 24.Bh4 Rab8 25.Rxc6 Rxc6 26.Rc1 Rc8 27.a5 Bd3 28.Rxc6 Rxc6 29.Bxd3 Rc3
30.Bb5+ Kc8 31.Ba6+ Kb8 32.Nd2  0-1

[Event "Open"]
[Site "Pula CRO"]
[Date "2001.05.24"]
[Round "7"]
[White "Saric,Ib"]
[Black "Bukal,V"]
[Result "0-1"]
[WhiteElo "2319"]
[BlackElo "2439"]

1.d4 d5 2.c4 c6 3.Nc3 Nf6 4.Nf3 a6 5.e3 b5 6.b3 Bg4 7.Be2 e6 8.O-O Be7 9.Ne5 Bxe2
10.Qxe2 O-O 11.Bb2 Nfd7 12.f4 f6 13.Nf3 dxc4 14.bxc4 Nb6 15.c5 Nc4 16.Rad1 Nd7
17.Ba1 Qc7 18.Kh1 Rfe8 19.Nd2 Nxd2 20.Qxd2 Rad8 21.Qc2 Bf8 22.e4 e5 23.Ne2 exd4
24.Bxd4 Qa5 25.e5 Qa4 26.Qf5 g6 27.Qg4 fxe5 28.fxe5 Nxe5 29.Qf4 Bg7 30.Nc3 Qc4
31.Ne4 Rf8 32.Bxe5 Rxd1 33.Qxf8+ Bxf8 34.Nf6+  0-1

[Event "2nd IECC"]
[Site "Ohrid MKD"]
[Date "2001.06.02"]
[Round "2"]
[White "Atalik,S"]
[Black "Dautov,R"]
[Result "1-0"]
[WhiteElo "2537"]
[BlackElo "2631"]

1.d4 d5 2.c4 c6 3.Nf3 Nf6 4.Nc3 a6 5.cxd5 cxd5 6.Bg5 Ne4 7.Bh4 Nc6 8.e3 Bg4
9.Bd3 Nxc3 10.bxc3 Qd7 11.O-O e6 12.c4 dxc4 13.Bxc4 Be7 14.Bg3 O-O 15.a4 Rac8
16.Be2 Rfd8 17.Qb3 Qd5 18.Qxb7 Nxd4 19.Bxa6 Ne2+ 20.Kh1 Nxg3+ 21.hxg3 Bxf3
22.gxf3 Qxb7 23.Bxb7 Rc7 24.Rab1 Rb8 25.Be4 Rxb1 26.Rxb1 Ra7 27.Rb8+ Bf8
28.Bc6 g6 29.f4 Kg7 30.Kg2 Bd6 31.Rb2 Kf8 32.Kf3 Ke7 33.g4 h6 34.Rb1 g5 35.f5 exf5
36.gxf5 h5 37.Rh1 Rc7 38.Bd5 Rc5 39.Ke4 Ra5 40.Rxh5 Rxa4+ 41.Kd3 f6 42.Rh7+ Kd8
43.Bc6 Ra3+ 44.Ke4 Be5 45.Rd7+ Kc8 46.Re7 Rc3 47.Bb7+ Kd8 48.Rxe5 fxe5 49.Kxe5 Ke7
50.Bd5 Rc2 51.f6+ Kd7 52.f3 Re2 53.e4 Rf2 54.Be6+ Ke8 55.Bg4 Ra2 56.Kf5 Ra5+
57.Kg6 Kf8 58.Bf5 Ra3 59.e5 Rxf3 60.e6 Re3 61.Kxg5 Re1 62.Kf4 Ke8 63.Bg6+ Kf8
64.Be4 Ke8 65.Ke5 Kf8 66.Kd5 Ke8 67.Bf3 Re3 68.Bh5+ Kd8 69.Kd6 Rd3+ 70.Ke5 Re3+
71.Kf5 Re1 72.Bf7 Rf1+ 73.Ke4  1-0

[Event "FSIM June"]
[Site "Budapest HUN"]
[Date "2001.06.04"]
[Round "3"]
[White "Yu Mingyuan"]
[Black "Seres,L"]
[Result "0-1"]
[WhiteElo "2277"]
[BlackElo "2425"]

1.d4 d5 2.c4 c6 3.Nc3 Nf6 4.Nf3 a6 5.a4 e6 6.Bg5 Nbd7 7.e3 Bb4 8.Qc2 Qa5
9.Nd2 O-O 10.Be2 c5 11.O-O cxd4 12.exd4 dxc4 13.Bh4 Qb6 14.Nxc4 Qxd4 15.Bg3 Qa7
16.Na2 Be7 17.Rac1 Nb6 18.Nd6 Bd7 19.Nc3 Bc6 20.Rfd1 Rfd8 21.b3 Nbd5 22.Nxd5 Bxd5
23.Nc4 Rac8 24.a5 h6 25.Bh4 Ne4 26.Bg3 Bd6 27.Bf1 Nxg3 28.hxg3 Bxg3 29.Qb2 Bc7
30.Qa3 Bf4 31.Rc3 Qc5 32.Qa2 Qe7 33.Rh3 Bc6 34.Qc2 Rxd1 35.Qxd1 Rd8 36.Qg4 Qf6
37.Rd3 Rxd3 38.Bxd3 Qa1+ 39.Bf1 Bc7 40.Qh5 Bd5  0-1

[Event "2nd IECC"]
[Site "Ohrid MKD"]
[Date "2001.06.05"]
[Round "5"]
[White "Jobava,Ba"]
[Black "Avrukh,B"]
[Result "0-1"]
[WhiteElo "2543"]
[BlackElo "2600"]

1.d4 d5 2.c4 c6 3.Nf3 Nf6 4.Nc3 a6 5.e3 b5 6.b3 Bg4 7.Bb2 e6 8.Be2 Nbd7 9.h3 Bf5
10.O-O Bd6 11.Bd3 Bg6 12.Qe2 O-O 13.Bxg6 hxg6 14.Rfd1 Rc8 15.Rac1 Qe7 16.Rc2 dxc4
17.bxc4 e5 18.d5 Nb6 19.cxb5 cxb5 20.e4 Nc4 21.Ba1 Bc5 22.Nb1 Nh5 23.a4 Nf4
24.Qf1 f5 25.axb5 fxe4 26.d6 Nxd6 27.Bxe5 exf3 28.Rxc5 fxg2 29.Qe1 Rxc5 30.Bxd6 Nxh3+
31.Kxg2 Qb7+ 32.Kh2 Rxf2+  0-1

[Event "2nd IECC"]
[Site "Ohrid MKD"]
[Date "2001.06.05"]
[Round "5"]
[White "Van Wely,L"]
[Black "Anastasian,A"]
[Result "1-0"]
[WhiteElo "2670"]
[BlackElo "2574"]

1.d4 d5 2.c4 c6 3.Nc3 Nf6 4.Nf3 a6 5.cxd5 cxd5 6.Bg5 Nc6 7.e3 e6 8.Bd3 Be7
9.O-O O-O 10.Rc1 Bd7 11.Ne5 Rc8 12.f4 h6 13.Bxf6 Bxf6 14.Qh5 Nxe5 15.dxe5 Be7
16.Rf3 f5 17.exf6 Rxf6 18.Rg3 Bb4 19.Bb1 Be8 20.Qd1 Qb6 21.Nxd5  1-0

[Event "2nd IECC"]
[Site "Ohrid MKD"]
[Date "2001.06.11"]
[Round "10"]
[White "Korobov,A"]
[Black "Burmakin,V"]
[Result "1/2-1/2"]
[WhiteElo "2401"]
[BlackElo "2522"]

1.d4 d5 2.c4 c6 3.Nc3 Nf6 4.Nf3 a6 5.a4 e6 6.e3 Nbd7 7.Bd3 Bd6 8.O-O O-O
9.e4 dxc4 10.Bxc4 e5 11.Bg5 Qe7 12.d5 h6 13.dxc6 bxc6 14.Be3 Nc5 15.Nh4 Be6
16.Bxe6 Qxe6 17.Nf5 Rfd8 18.Qf3 Bf8 19.Rad1 Kh7 20.h3 Rab8 21.Rxd8 Rxd8 22.g4 Nb3
23.Rd1 Rb8 24.Ba7 Ra8 25.Be3 Rc8 26.Qe2 c5 27.Nd5 Nd4 28.Bxd4 cxd4 29.Nxf6+ Qxf6
30.Ng3 Kg8 31.Kg2 Qb6 32.Rd3 a5 33.Rf3 Rc6 34.Nf1 Bb4 35.Qd3 Qc5 36.b3 Qb6
37.Ng3 Qa6 38.Ne2 Qxd3 39.Rxd3 Rc2 40.Kf1 g6 41.f4 f6 42.h4 Bd2 43.g5 Kg7
44.gxf6+ Kxf6 45.fxe5+ Kxe5 46.Rxd4 Bb4 47.Rd8 Kxe4 48.Re8+ Kd3 49.Rd8+ Ke4
50.Re8+ Kd5 51.Nf4+ Kd4 52.Ne2+ Kd5 53.Nf4+ Kd4 54.Ne2+  1/2-1/2

[Event "White Nights"]
[Site "St Petersburg RUS"]
[Date "2001.06.14"]
[Round "6"]
[White "Smirnov,Ar"]
[Black "Sidorov,A"]
[Result "0-1"]
[WhiteElo "2246"]
[BlackElo "2370"]

1.d4 d5 2.c4 c6 3.Nf3 Nf6 4.Nc3 a6 5.e3 b5 6.b3 Bf5 7.Be2 e6 8.O-O Nbd7 9.Bb2 Bd6
10.Bd3 Bg6 11.Qc2 b4 12.Ne2 Ne4 13.Ng3 f5 14.a3 a5 15.axb4 axb4 16.cxd5 cxd5
17.Rxa8 Qxa8 18.Ra1 Qb8 19.Ne5 Bxe5 20.dxe5 Ke7 21.Nxe4 fxe4 22.Ba6 Rd8 23.h3 Kf7
24.Bd4 Nxe5 25.Rc1 Kg8 26.Qc5 Nf7 27.Qe7 Re8 28.Qd7 e5 29.Ba7 Bf5 30.Qa4 Qd8
31.Bb6 Bd7 32.Qxb4 Qf6 33.Rc7 Be6 34.Bf1 Ng5 35.Qc5 Rf8 36.Qc2 Bxh3 37.Rc6 Nf3+
38.Kh1 Bxg2+  0-1

[Event "2nd IECC Playoff g/15"]
[Site "Ohrid MKD"]
[Date "2001.06.15"]
[Round "2.2"]
[White "San Segundo Carrillo,P"]
[Black "Delchev,A"]
[Result "1/2-1/2"]
[WhiteElo "2508"]
[BlackElo "2584"]

1.d4 Nf6 2.Nf3 d5 3.c4 c6 4.Nc3 a6 5.c5 Nbd7 6.Bf4 g6 7.h3 Bg7 8.e3 O-O 9.Be2 b6
10.b4 a5 11.a3 Ne4 12.Nxe4 dxe4 13.Nd2 axb4 14.axb4 Rxa1 15.Qxa1 bxc5 16.bxc5 Nxc5
17.Qa3 Ne6 18.Bh2 c5 19.dxc5 Qd5 20.Bc4 Qxc5 21.Qxc5 Nxc5 22.Ke2 Bb7 23.Rb1 Rc8
24.g4 h6 25.Rb6 Bf6 26.h4 Rc6 27.Rb5 Bc8 28.g5 hxg5 29.hxg5 Bg4+ 30.Kf1 Bxg5
31.Bd5 Rc8 32.Nxe4 Nxe4 33.Bxe4 Bf6  1/2-1/2

[Event "2nd IECC Playoff g/15"]
[Site "Ohrid MKD"]
[Date "2001.06.15"]
[Round "3.2"]
[White "Savchenko,S"]
[Black "Delchev,A"]
[Result "0-1"]
[WhiteElo "2517"]
[BlackElo "2584"]

1.d4 Nf6 2.Nf3 d5 3.c4 c6 4.Nc3 a6 5.cxd5 cxd5 6.Bg5 Ne4 7.Bh4 Nc6 8.e3 Qa5
9.Qb3 Qb4 10.Be2 Bf5 11.Qxb4 Nxb4 12.O-O e6 13.Nxe4 Bxe4 14.a3 Nc6 15.Nd2 Bg6
16.Rfc1 Bd6 17.Rc3 Kd7 18.Nb3 b6 19.Rac1 Rhc8 20.Nd2 Ne7 21.Rxc8 Nxc8 22.b4 Ne7
23.Bg3 Bxg3 24.hxg3 a5 25.Bb5+ Kd8 26.Nf3 axb4 27.axb4 f6 28.Nh4 Be8 29.Bxe8 Kxe8
30.Nf3 Ra4 31.Rb1 Nc6 32.b5 Rb4 33.Rxb4 Nxb4 34.Ne1 h5 35.f3 Na2 36.Nc2 Nc3
37.Na3 Nd1 38.e4 dxe4 39.fxe4 Nc3 40.e5 Ne2+ 41.Kf2 Nxd4 42.Ke3 Nf5+ 43.Kf4 g5+
44.Kf3 fxe5 45.Ke4 Ke7 46.Kxe5 Nd6  0-1

[Event "5th Open"]
[Site "Voronezh RUS"]
[Date "2001.06.18"]
[Round "6"]
[White "Granovski,A"]
[Black "Chuprikov,D"]
[Result "1/2-1/2"]
[WhiteElo "2323"]
[BlackElo "2426"]

1.d4 d5 2.c4 c6 3.Nf3 Nf6 4.Nc3 a6 5.Bg5 Ne4 6.h4 f6 7.Bd2 Nxc3 8.bxc3 dxc4
9.e4 b5 10.Be2 Nd7 11.O-O e5 12.dxe5 fxe5 13.Bg5 Qc7 14.Nh2 Ba3 15.Bh5+ g6
16.Rb1 Qd6 17.Bg4 Qxd1 18.Rfxd1 h6 19.Bxd7+ Bxd7 20.Bf6 Rh7 21.Bxe5 Be7 22.g3 c5
23.Bd6 Bc6 24.Bxe7 Rxe7 25.f3 Rd8 26.Ng4 Rd3 27.Rxd3 cxd3 28.Kf2 h5 29.Ne3 Rd7
30.Rd1 Rf7 31.Ng2 Bxe4 32.Nf4 Bf5 33.Nxd3 c4 34.Ne5 Re7 35.f4 Rc7 36.Ke3 Ke7
37.Rd4 Rc5 38.Kd2 Rc7 39.Kc1 Rc5 40.Kb2 a5 41.Kc1 Ke6 42.Rd8 b4 43.Kb2 Rd5
44.Re8+ Kf6 45.Nxc4 bxc3+ 46.Kxc3 Rd3+ 47.Kb2 Rxg3 48.Ne3 Be6 49.Nc2 Rg2
50.Kc3 Bxa2 51.Ra8 Bb1 52.Ra6+ Kf7 53.Ra7+ Kf6 54.Ra6+ Ke7 55.Ne3 Rh2 56.Kd4 Rxh4
57.Ke5 Kd7 58.Nd5 Bf5 59.Rxa5 Rh1  1/2-1/2

[Event "43rd Tch-POR"]
[Site "Barreiro POR"]
[Date "2001.06.22"]
[Round "5"]
[White "Santos,CP"]
[Black "Prata,J"]
[Result "1-0"]
[WhiteElo "2425"]
[BlackElo "2079"]

1.d4 d5 2.c4 c6 3.Nf3 Nf6 4.Nc3 a6 5.g3 b5 6.c5 Bf5 7.Bg2 h6 8.O-O e6 9.Ne5 Be7
10.Qb3 Nfd7 11.e4 dxe4 12.Nxe4 Nxe5 13.dxe5 Bxe4 14.Bxe4 Bxc5 15.Bf4 Qb6
16.Rac1 Nd7 17.Qf3 Rc8 18.b4 Bxb4 19.Rxc6 Rxc6 20.Bxc6 Ke7 21.Bxd7 Kxd7 22.Be3  1-0

[Event "TCh-Europe Boys U18"]
[Site "Balatonlelle HUN"]
[Date "2001.06.24"]
[Round "3"]
[White "Rau,H"]
[Black "Jirka,J"]
[Result "1-0"]
[WhiteElo "2248"]
[BlackElo "2279"]

1.d4 d5 2.c4 c6 3.Nc3 Nf6 4.Nf3 a6 5.e3 b5 6.b3 Bg4 7.Be2 e6 8.O-O Bd6 9.Bb2 O-O
10.Rc1 Nbd7 11.h3 Bh5 12.Ne5 Bxe2 13.Nxe2 Rc8 14.Ng3 Rc7 15.Qe2 Qb8 16.f4 Ne8
17.e4 Nxe5 18.fxe5 Be7 19.exd5 exd5 20.Nf5 Bg5 21.Rc3 f6 22.h4 Bh6 23.Rg3 Kh8
24.Nxh6 gxh6 25.Bc1 Qa7 26.c5 Rg7 27.Rgf3 Rfg8 28.exf6 Rxg2+ 29.Qxg2 Rxg2+
30.Kxg2 Qf7 31.h5 Nc7 32.Bxh6 Ne6 33.Rg3 Qxh5 34.Bg7+  1-0

[Event "Narciso Yepes"]
[Site "Lorca ESP"]
[Date "2001.06.27"]
[Round "4"]
[White "Movsziszian,K"]
[Black "Foisor,C"]
[Result "0-1"]
[WhiteElo "2508"]
[BlackElo "2408"]

1.d4 d5 2.c4 c6 3.Nf3 Nf6 4.Nc3 a6 5.c5 Nbd7 6.Bf4 g6 7.h3 Bg7 8.e3 O-O 9.Be2 b6
10.cxb6 Qxb6 11.Qc2 c5 12.O-O cxd4 13.exd4 Bb7 14.Na4 Qa7 15.b4 Rac8 16.Qb3 Bc6
17.Nc5 Bb5 18.Bxb5 axb5 19.a4 Nxc5 20.bxc5 bxa4 21.Rxa4 Qd7 22.Rb4 Ne4 23.Re1 Qf5
24.Bh2 h5 25.Qe3 Rfe8 26.Ne5 Bh6 27.f4 h4 28.Ng4 Bg7 29.Nf2 Nxf2 30.Qxf2 Bf6
31.Reb1 Ra8 32.Kh1 Ra4 33.Bg1 Rxb4 34.Rxb4 Ra8 35.Qf3 Kg7 36.Kh2 Ra1 37.Bf2 Qc2
38.Rb3 Rf1 39.Rc3 Qb1 40.g4 Qb2  0-1

[Event "TCh-Europe Boys U18"]
[Site "Balatonlelle HUN"]
[Date "2001.06.28"]
[Round "6"]
[White "Korobov,A"]
[Black "Jirka,J"]
[Result "1-0"]
[WhiteElo "2401"]
[BlackElo "2279"]

1.d4 d5 2.c4 c6 3.Nc3 Nf6 4.Nf3 a6 5.a4 g6 6.e3 Bg7 7.Be2 O-O 8.O-O Ne4 9.cxd5 cxd5
10.Nxe4 dxe4 11.Nd2 f5 12.b3 Kh8 13.Ba3 Be6 14.Bc4 Qd7 15.Rc1 Nc6 16.d5 Bxd5
17.Nxe4 e6 18.Bxf8 Rxf8 19.Nc5 Qf7 20.Bxd5 exd5 21.Nxa6 f4 22.exf4 Nd4 23.Rc7 Qxf4
24.Rxg7 Kxg7 25.Nc7 Kg8 26.Nxd5 Qe4 27.Ne3 h5 28.b4 Rc8 29.Re1 Rd8 30.Qc1 Qe6
31.Qc7 Rd7 32.Qb8+ Kh7 33.b5 Rf7 34.Qd8 Qa2 35.Rf1 Qxa4 36.b6 Ne2+ 37.Kh1 Nf4
38.f3 Rd7 39.Qe8 Qc6 40.Qe4 Qf6 41.Rc1 Nd3 42.Qa4 Rd8 43.Rc7+ Kh6 44.Qa5 Qb2
45.h4 Ne5 46.f4 Qb1+ 47.Kh2 Rd1 48.fxe5 Rh1+ 49.Kg3 Qe4 50.Nf5+ Qxf5 51.Qd2+ g5
52.Qd6+ Qg6 53.Qf8+  1-0

[Event "Sub-zt 2.3.2"]
[Site "Managua NCA"]
[Date "2001.07.01"]
[Round "2"]
[White "Lacayo,R"]
[Black "Guevara Sanchez,E"]
[Result "1-0"]
[WhiteElo "2281"]
[BlackElo "2196"]

1.d4 d5 2.c4 c6 3.Nc3 Nf6 4.Nf3 a6 5.cxd5 cxd5 6.Bf4 Nc6 7.e3 Qb6 8.Rb1 Bf5
9.Bd3 Bxd3 10.Qxd3 e6 11.O-O Be7 12.a3 O-O 13.b4 Rfc8 14.h3 Na7 15.Ne5 Nb5
16.Na4 Qa7 17.Rfc1 Bd6 18.g4 b6 19.Kg2 Qb7 20.f3 Bxe5 21.Bxe5 Nd7 22.Nb2 Rxc1
23.Rxc1 Rc8 24.Rxc8+ Qxc8 25.a4 Qc1 26.Nd1 Na3 27.Bg3 Nc4 28.Bf2 h6 29.e4 Nf6
30.Nc3 Qb2 31.b5 a5 32.h4 Qb3 33.e5 Ne8 34.Be1 Nb2 35.Qb1 Qa3 36.Qc2 Nc4
37.Kf2 Qe7 38.Kg3 Nc7 39.Bd2 Qa3 40.Bc1 Qb4 41.h5 Ne8 42.g5 Qf8 43.f4 hxg5
44.fxg5 Kh8 45.Ne2 Qb4 46.Kf2 Qe7 47.Qd3 f6 48.Nf4 Qf7 49.exf6 Ncd6 50.Qg6 Ne4+
51.Kg2 Qxg6 52.Nxg6+ Kg8 53.Ne7+ Kf7 54.fxg7 Kxg7 55.h6+ Kf8 56.g6 Kxe7 57.h7  1-0

[Event "ch-SWE"]
[Site "Linkoping SWE"]
[Date "2001.07.04"]
[Round "5"]
[White "Agrest,E"]
[Black "Couso,L"]
[Result "1-0"]
[WhiteElo "2532"]
[BlackElo "2324"]

1.Nf3 d5 2.d4 Nf6 3.c4 c6 4.Nc3 a6 5.e3 b5 6.b3 Bg4 7.h3 Bh5 8.g4 Bg6 9.Ne5 e6
10.Bd2 Nfd7 11.Nxg6 hxg6 12.Qc2 Bd6 13.Bg2 Ra7 14.e4 dxc4 15.bxc4 e5 16.Be3 O-O
17.cxb5 axb5 18.O-O Ra3 19.d5 b4 20.Nb1 Rxe3 21.fxe3 cxd5 22.exd5 e4 23.Nd2 f5
24.Nc4 Bg3 25.d6 Nc6 26.Rad1 Qg5 27.Bxe4 fxe4 28.Rxf8+ Nxf8 29.Qxe4 Nd8 30.Kg2 Bh4
31.Ne5 Qf6 32.Qd5+ Nfe6 33.Rf1 Qg5 34.Qe4 Nc5 35.Qc4+ Nde6 36.Nf3 Qd8 37.Qd5 Bf6
38.Rc1 Bc3 39.Nd4 Qg5 40.Qxg5 Nxg5 41.Nb5 Nge4 42.Rd1 Nd7 43.Kf3 Nec5 44.Ke2 Kf7
45.Rc1 Be5 46.Rb1 Na6 47.Nc7 Ndc5 48.Nxa6 Nxa6 49.Rd1 Ke8 50.Rd5 Bh2 51.Rb5 Kf7
52.Rb7+ Kf8 53.Rb5 Ke8 54.h4 Kd8 55.Kf3 Be5  1-0

[Event "Sub-zt 2.3.2"]
[Site "Managua NCA"]
[Date "2001.07.05"]
[Round "6"]
[White "Minero Pineda,S"]
[Black "Leyva,H"]
[Result "1/2-1/2"]
[WhiteElo "2412"]
[BlackElo "2428"]

1.d4 d5 2.c4 c6 3.Nf3 Nf6 4.Nc3 a6 5.g3 b5 6.cxd5 cxd5 7.Bg2 e6 8.O-O Nbd7
9.Bf4 Bb7 10.Rc1 Rc8 11.Qb3 Be7 12.Nb1 O-O 13.Rxc8 Qxc8 14.Rc1 Qa8 15.Nbd2 Rc8
16.Qd1 a5 17.Ne5 Nxe5 18.Bxe5 Nd7 19.Bf4 b4 20.Nf3 Nb6 21.b3 Ba6 22.Bf1 a4
23.Bd2 Rxc1 24.Qxc1 axb3 25.axb3 Qb7 26.e3 Bxf1 27.Kxf1 Nc8 28.Ne5 Na7 29.Kg1 Bd6
30.Nd3 Qb5 31.Nxb4 Bxb4 32.Bxb4 Qxb4 33.Qc7 g6 34.Qxa7 Qxb3  1/2-1/2

[Event "Open"]
[Site "Hyeres FRA"]
[Date "2001.07.07"]
[Round "1"]
[White "Wuerdinger,A"]
[Black "Fontaine,R"]
[Result "0-1"]
[WhiteElo "2088"]
[BlackElo "2452"]

1.d4 d5 2.c4 c6 3.Nf3 Nf6 4.Nc3 a6 5.cxd5 cxd5 6.Bf4 Nc6 7.Qb3 e6 8.e3 Bd6
9.Bxd6 Qxd6 10.Be2 O-O 11.Rd1 b5 12.O-O Bd7 13.Qc2 Rfc8 14.a3 Na5 15.Nd2 Rab8
16.b4 Nc4 17.Bxc4 bxc4 18.e4 Qb6 19.e5 Ne8 20.Ndb1 a5 21.bxa5 Qb2 22.Rd2 Qxc2
23.Rxc2 Nc7 24.f4 Rb3 25.g4 Ra8 26.Rff2 Nb5 27.Rfd2 Rxa5 28.a4 Nxc3 29.Nxc3 Bxa4
30.Rb2 Rxb2 31.Rxb2 Bb3 32.Kf2 h5 33.h3 Kh7 34.Ke3 Kg6 35.Rg2 Ra1 36.f5+ Kh7
37.gxh5 Rh1 38.Rg3 Bc2 39.f6 g6 40.hxg6+ Bxg6 41.Kd2 Rh2+ 42.Kc1 Kh6 43.Re3 Bd3
44.Nb5 Kg5 45.Rg3+ Kf4 46.Rg7 Rc2+ 47.Kd1 Rb2 48.Nc3 Ke3 49.Rxf7 Kxd4 50.Na4 Ra2
51.Rg7 Rxa4 52.f7 Ra1+  0-1

[Event "Open"]
[Site "Andorra AND"]
[Date "2001.07.08"]
[Round "9"]
[White "Gyimesi,Z"]
[Black "Avrukh,B"]
[Result "1/2-1/2"]
[WhiteElo "2571"]
[BlackElo "2600"]

1.d4 d5 2.c4 c6 3.Nf3 Nf6 4.Nc3 a6 5.c5 Nbd7 6.Bf4 Nh5 7.e3 g6 8.Bd3 Bg7
9.O-O O-O 10.h3 Nxf4 11.exf4 b6 12.cxb6 Qxb6 13.Na4 Qc7 14.Qd2 Bh6 15.g3 Rb8
16.Rfe1 Re8 17.Rac1 e5 18.dxe5 Nxe5 19.Nxe5 Rxe5 20.Rxe5 Qxe5 21.fxe5 Bxd2
22.Rc2 Be1 23.Kf1 Bb4 24.Kg2 Bb7 25.a3 Bf8 26.b4 Re8 27.Re2 a5 28.Nc5 Bc8
29.f4 Re7 30.Ba6 Bxa6  1/2-1/2

[Event "Glorney Cup"]
[Site "Hyerois FRA"]
[Date "2001.07.11"]
[Round "5"]
[White "Werle,J"]
[Black "Govciyan,P"]
[Result "1-0"]
[WhiteElo "2412"]
[BlackElo "2265"]

1.Nf3 d5 2.d4 Nf6 3.c4 c6 4.Nc3 a6 5.c5 Nbd7 6.Bf4 Nh5 7.e3 Nxf4 8.exf4 Qc7
9.Ne5 g6 10.h4 f6 11.Nd3 e5 12.fxe5 fxe5 13.dxe5 Nxe5 14.h5 Bg4 15.Be2 gxh5
16.Bxg4 Nxd3+ 17.Qxd3 hxg4 18.O-O-O O-O-O 19.Qd4 Qg7 20.Qb4 h5 21.Rd3 Qg6
22.Rhd1 Bh6+ 23.Kb1 Rhe8 24.Ka1 Bg7 25.Na4 Re4 26.Qa5 Rde8 27.Nb6+ Kb8 28.Nd7+ Ka8
29.Rb3 Qe6 30.Qc7  1-0

[Event "ch-SCO"]
[Site "Aberdeen SCO"]
[Date "2001.07.14"]
[Round "8"]
[White "Berry,N"]
[Black "Fraser,M"]
[Result "1-0"]
[WhiteElo "2256"]
[BlackElo "2165"]

1.d4 d5 2.c4 c6 3.Nf3 Nf6 4.Nc3 a6 5.c5 Bg4 6.Ne5 Bh5 7.Qb3 Ra7 8.Bf4 Nbd7
9.Nd3 h6 10.e3 g5 11.Bg3 Bg7 12.f3 Bg6 13.Be2 O-O 14.O-O Nh5 15.Bf2 f5 16.e4 e6
17.exf5 exf5 18.Rfe1 Kh8 19.Bf1 Qf6 20.Na4 Nf4 21.Nxf4 gxf4 22.Nb6 Qf7 23.Re2 Re8
24.Rxe8+ Qxe8 25.Re1 Qf7 26.Nc8 Ra8 27.Nd6 Qf8 28.Qxb7 Rb8 29.Qxd7 Rxb2 30.Qc8  1-0

[Event "ch-SUI"]
[Site "Scuol SUI"]
[Date "2001.07.16"]
[Round "5"]
[White "Jakob,S"]
[Black "Duerig,W"]
[Result "1-0"]
[WhiteElo "2249"]
[BlackElo "2096"]

1.d4 d5 2.c4 c6 3.Nc3 Nf6 4.Nf3 a6 5.g3 dxc4 6.a4 e6 7.Bg2 Bb4 8.O-O O-O
9.Ne5 Nbd7 10.Nxc4 Qe7 11.e4 Rd8 12.Qe2 e5 13.Be3 exd4 14.Bxd4 Bc5 15.Rad1 Re8
16.Rfe1 Rb8 17.Bxc5 Qxc5 18.Nd6 Rf8 19.e5 Nd5 20.Bxd5 cxd5 21.Nxd5 Nb6 22.Ne7+ Kh8
23.Nxf7+ Rxf7 24.Rd8+  1-0

[Event "Lasker Mem Open"]
[Site "Barlinek CZE"]
[Date "2001.07.17"]
[Round "2"]
[White "Borovikov,V"]
[Black "Zschaebitz,K"]
[Result "1-0"]
[WhiteElo "2593"]
[BlackElo "2176"]

1.d4 Nf6 2.Nf3 d5 3.c4 c6 4.Nc3 a6 5.a4 Nbd7 6.cxd5 cxd5 7.Bf4 e6 8.e3 Bb4
9.Bd3 Nf8 10.Qb3 a5 11.h3 Ng6 12.Bh2 O-O 13.O-O Bd7 14.Na2 Ne7 15.Nxb4 Qb6
16.Bb5 axb4 17.Qxb4 Bxb5 18.axb5 Rxa1 19.Rxa1 Nc8 20.Ra8 Nd7 21.Ne5 Nxe5
22.Bxe5 f6 23.Bg3 Kf7 24.Qc5 Qxc5 25.dxc5 e5 26.Rb8 b6 27.cxb6 Nd6 28.Rxf8+ Kxf8
29.f4 Nb7 30.fxe5 f5 31.Kf2 Ke7 32.Ke2 Ke6 33.Kd3 Nc5+ 34.Kd4 Nb3+ 35.Kc3 Nc5
36.b4 Nb7 37.Kd4 g5 38.h4  1-0

[Event "Czech Open"]
[Site "Pardubice CZE"]
[Date "2001.07.22"]
[Round "3"]
[White "Babula,V"]
[Black "Medunova,V"]
[Result "1-0"]
[WhiteElo "2566"]
[BlackElo "2225"]

1.d4 d5 2.c4 c6 3.Nf3 Nf6 4.Nc3 a6 5.c5 Nbd7 6.Bf4 Nh5 7.e3 Nxf4 8.exf4 g6
9.Bd3 Bg7 10.O-O O-O 11.Re1 Nf6 12.Ne5 e6 13.b4 Nh5 14.g3 Nf6 15.h4 Bd7 16.Rb1 Be8
17.a4 Nd7 18.Qc2 f6 19.Nf3 Bf7 20.h5 f5 21.hxg6 hxg6 22.Ne2 Bf6 23.Kg2 Kg7
24.b5 axb5 25.axb5 g5 26.fxg5 Bxg5 27.bxc6 bxc6 28.Nxg5 Qxg5 29.Rb7 Rfd8
30.Nf4 Qh6 31.Bxf5 exf5 32.Qxf5 Rh8 33.Re7 Qh2+ 34.Kf3 Ra3+ 35.Kg4  1-0

[Event "Zhong Hong Real Estate Cup"]
[Site "Beijing CHN"]
[Date "2001.07.24"]
[Round "5"]
[White "Wu Wenjin"]
[Black "Zhang Pengxiang"]
[Result "0-1"]
[WhiteElo "2560"]
[BlackElo "2487"]

1.Nf3 d5 2.d4 Nf6 3.c4 c6 4.Nc3 a6 5.a4 e6 6.Bg5 Nbd7 7.cxd5 exd5 8.e3 a5
9.Bd3 Be7 10.Qc2 O-O 11.h3 Re8 12.O-O Nf8 13.Ne5 N6d7 14.Bf4 Nxe5 15.Bxe5 Ng6
16.Bg3 Bb4 17.Rfb1 Qg5 18.Na2 Bf8 19.b4 h5 20.Bxg6 fxg6 21.Bf4 Qf6 22.Rb2 Bf5
23.Qd2 axb4 24.Nxb4 g5 25.Be5 Rxe5 26.dxe5 Qxe5 27.f4 gxf4 28.exf4 Bc5+ 29.Kh1 Qd4
30.Rd1 Qxd2 31.Rdxd2 Rxa4 32.Nc2 Rxf4 33.Rxb7 Rc4  0-1

[Event "3rd Open"]
[Site "Patras GRE"]
[Date "2001.07.26"]
[Round "9"]
[White "Rychagov,A"]
[Black "Ovsejevitsch,S"]
[Result "1/2-1/2"]
[WhiteElo "2505"]
[BlackElo "2529"]

1.d4 Nf6 2.c4 c6 3.Nc3 d5 4.Nf3 a6 5.c5 g6 6.h3 Bg7 7.Bf4 O-O 8.e3 Nbd7 9.Be2 Ne8
10.O-O Nc7 11.Qd2 Re8 12.Rfd1 a5 13.a3 Ne6 14.Bg3 a4 15.Qc2 Qa5 16.e4 dxe4
17.Nxe4 Nf6 18.Ned2 Nd5 19.Nc4 Qd8 20.Qd2 Nf8 21.Bd3 Be6 22.Rac1 f6 23.Be4 Nd7
24.Ne1 Bf7 25.Nf3 Bf8 26.Bc2 b6 27.cxb6 N7xb6 28.Bd3 Qd7 29.Rc2 Rec8 30.Na5 Bh6
31.Qxh6 Rxa5 32.Rdc1 Be6 33.Rc5 Raa8 34.R1c2 Bf5 35.Bxf5 Qxf5 36.Qc1 g5 37.Rxc6 h5
38.Rxc8+ Rxc8 39.Rxc8+ Nxc8 40.Qc6 h4 41.Bb8 Kg7 42.Kh2 Ncb6 43.Ba7 Nc8 44.Bb8 Ncb6
45.Ba7  1/2-1/2